| 000 | 00376nam a22001577a 4500 | ||
|---|---|---|---|
| 005 | 20180205143200.0 | ||
| 008 | 160427b xxu||||| |||| 00| 0 eng d | ||
| 020 | _a81-203-2187-1 | ||
| 041 | _aeng | ||
| 082 |
_b00234 _a004.678 |
||
| 100 |
_aJames K.L. _9103 |
||
| 245 | _aThe Internet: Auser's & Guide | ||
| 260 |
_aNew Delhi _bPHI Pvt Ltd. _c2003 |
||
| 300 | _a388 | ||
| 942 | _cBK | ||
| 999 |
_c79 _d79 |
||